Score 0/30 Timer 04:00
0 Plays Today
Name H/A % Correct
Seattle Slew???
88.2%
American Pharoah???
87.7%
Man o' War???
84.7%
Ray of Light???
83.6%
Affirmed???
83.2%
#1 Record???
81.3%
War Cloud???
74.7%
Wild Honey???
74.1%
Justify???
72.1%
Sail Away???
71%
Aftermath???
70.5%
Nebraska???
70.4%
Real Quiet???
69.4%
Royal Tourist???
67.7%
Venetian Way???
66.8%
Name H/A % Correct
Lady Soul???
65.3%
Continuum???
64%
Assault ???
63.7%
Omaha???
63.2%
Trans Europe Express???
61%
Abraxas???
57.9%
Daydream Nation???
57.2%
Palace Malice???
57%
American Beauty???
54.7%
Middleground???
53.1%
Late Registration???
53.1%
Aquemini???
52.1%
Odelay???
47.2%
Arts and Letters???
44.3%
Behave Yourself???
41.1%
Remove Ads.
Support Sporcle.
Get the best of Sporcle when you Go Orange. This ad-free experience offers more features, more stats, and more fun while also helping to support Sporcle. Thank you for becoming a member.

You're not logged in!

Compare scores with friends on all Sporcle quizzes.
OR
Log In

Show Comments

Extras

Top Quizzes Today


Score Distribution

Your Account Isn't Verified!

In order to create a playlist on Sporcle, you need to verify the email address you used during registration. Go to your Sporcle Settings to finish the process.

Report this User

Report this user for behavior that violates our Community Guidelines.

Details: